000 00485nam a22001697a 4500
003 NUST - PNEC
005 20170116180917.0
008 150904b xxu||||| |||| 00| 0 eng d
020 _a0070990921
040 _cLIBRARY
082 _a621.30202 CAT
100 _97491
_a Cathey, Jimmie J
245 _aSchaum's outline of theory and problems of basic electrical engineering
_c Jimmie J,Cathey
260 _cc 1987
650 _97492
_aElectrical engineering
_xEE/EL
942 _2ddc
_cBK
999 _c65485
_d65485